Аппроксимационный синтез передаточного шестизвенного механизма с вычислением семи неизвестных параметров; Справочник. Инженерный журнал; № 6

Bibliographische Detailangaben
Parent link:Справочник. Инженерный журнал: научно-технический и производственный журнал.— , 2000-.— 0203-347X
№ 6.— 2005.— С. 8-12
1. Verfasser: Кикин А. Б.
Sprache:Russisch
Veröffentlicht: 2005
Schriftenreihe:Конструирование, расчеты
Schlagworte:
Format: Buchkapitel
KOHA link:https://koha.lib.tpu.ru/cgi-bin/koha/opac-detail.pl?biblionumber=398209

MARC

LEADER 00000naa2a2200000 4500
001 398209
005 20231101065022.0
035 |a (RuTPU)RU\TPU\prd\38076 
090 |a 398209 
100 |a 20050916a2005 k y0rusy50 ca 
101 0 |a rus 
102 |a RU 
200 1 |a Аппроксимационный синтез передаточного шестизвенного механизма с вычислением семи неизвестных параметров  |f А. Б. Кикин 
225 1 |a Конструирование, расчеты 
320 |a Библиогр.: 4 назв. 
461 0 |0 (RuTPU)RU\TPU\prd\1723  |x 0203-347X  |t Справочник. Инженерный журнал  |o научно-технический и производственный журнал  |d 2000- 
463 0 |0 (RuTPU)RU\TPU\prd\37489  |t № 6  |v С. 8-12  |d 2005 
610 1 |a шестизвенные шарнирные механизмы 
610 1 |a передаточные механизмы 
610 1 |a аппроксимационный синтез 
610 1 |a неизвестные параметры 
610 1 |a аналитико-оптимизационный синтез 
610 1 |a базовые четырехзвенники 
610 1 |a интерактивная техника 
610 1 |a численные вычисления 
610 1 |a квадратичный синтез 
675 |a 621.01  |v 3 
700 1 |a Кикин  |b А. Б. 
801 1 |a RU  |b 63413507  |c 20050916  |g PSBO 
801 2 |a RU  |b 63413507  |c 20140117  |g RCR 
942 |c BK